000 00715nam a2200229Ii 4500
003 JO-AjNU
008 230605s9999||||xx |||||||||||||| ||und||
017 _a2009/8/3380
020 _a978-9957-11-825-9
040 _aJO-AjNU
_bara
_erda
_cJO-AjNU
041 _aara
050 1 4 _aHB180.A7.W39.2010
100 3 _aالوزني،خالد واصف,
_eauthor
_928425
245 0 0 _aشؤون اقتصادية:مقالات منشورة2004-2008
250 _aط1
264 3 1 _aعمان:دار وائل للنشر والتوزيع،2010
300 _a296ص
336 _atext
_btxt
_2rdacontent
337 _aunmediated
_bn
_2rdamedia
338 _avolume
_bnc
_2rdacarrier
650 4 _aاقتصاد مالي
_928426
999 _aA11024
_c14592
_d14592